| 000 | 00704nam a22001937a 4500 | ||
|---|---|---|---|
| 005 | 20170220080955.0 | ||
| 008 | 170203b mx||||| |||| 00| 0 spa d | ||
| 020 | _a8476762666 | ||
| 050 | 0 | 4 |
_aKKT810 _bN86 1994 |
| 100 | 1 |
_aNuñez Tomás,María José, _eautor |
|
| 245 | 1 | 0 |
_aDerecho de obligaciones y contratos : _btemas de derecho civil a los programas de notarías y registros / _cMaría José Nuñez Tomá. |
| 250 | _aPrimera edición | ||
| 260 |
_aBarcelona, España : _bBOSCH,Casa editorial, _c1994 |
||
| 300 |
_a469 páginas ; _c27 cm. |
||
| 504 | _aIncluye bibliografía e índice | ||
| 650 | 7 |
_2lemb _aObligaciones (Derecho) _zEspaña |
|
| 650 | 7 |
_2lemb _aContratos _zMéxico |
|
| 942 |
_2lcc _cLIB |
||
| 999 |
_c125507 _d125507 |
||